000
00256nam a22001097a 4500
082
_a
621.3815 WAT'U
100
_a
WATERS, F. J
_9
80116
245
_a
UNDERSTANDIG ELECTRONIC CIRCUITS
260
_a
ENGLAND
_b
W. FOULSHAN
_c
1965
300
_a
160P
942
_c
BK
999
_c
585610
_d
585610